000
00283nam a2200121Ia 4500
008
190216s9999||||xx |||||||||||||| ||und||
100
_a
Usha Iyangar
245
0
_a
Hindi-Firdausi Ki Kahaniyam
260
_b
King`S Books Delhi
_c
2008
300
_a
166
650
_a
Hindi
942
_c
BK
999
_c
16572
_d
16572